000 00915nas a2200277 4500
001 BR2011005044
003 BR-BrBNA
005 20231205115605.0
007 ta
008 230509b bl.|||p| |||| 00| 00por d
040 _aBR-BrBNA
_bpor
_cBiblioteca Nacional de Agricultura
041 _a(Pt)
072 _aF70
100 1 _aWartchow, F.
100 1 _aPutzke, J.
100 1 _aCavalcanti, M.A. de Q.
245 1 _aAgaricaceae Fr. (Agaricales, Basidiomycota)from areas of Atlantic Forest in Pernambuco, Brazil
246 1 _aAgaricaceae Fr. (Agaricales, Basidiomycota)from areas of Atlantic Forest in Pernambuco, Brazil
650 _aFUNGO
650 _aTAXONOMIA
650 _aLEVANTAMENTO
650 _aESPÉCIE
773 0 _tActa Botanica Brasilica (Brazil)
_xISSN 0102-3306
_g(Jan-Mar 2008), v. 22(1) p. 287-299
_wBR2011005044
909 _a202311
_bLúcia
_c55
_dLúcia Elande
942 _2AGRIS
_n0
_cANA
999 _c214645
_d214645